000 00552cam a2200145 4500500
005 20260208002439.0
041 _afre
042 _adc
100 1 0 _aMasset, Claude
_eauthor
245 0 0 _aFrançoise Héritier, Une pensée en mouvement, Textes réunis par Salvatore D’Onofrio. Paris, Odile Jacob, 2009, 453 p., bibl., index, ill.
260 _c2011.
500 _a13
786 0 _nL'Homme | 198-199 | 2 | 2011-07-01 | p. 367a-371a | 0439-4216
856 4 1 _uhttps://shs.cairn.info/revue-l-homme-2011-2-page-367a?lang=fr&redirect-ssocas=7080
999 _c1646395
_d1646395